Oxford popular school dictionary / (Record no. 6576)
[ view plain ]
| 000 -LEADER | |
|---|---|
| fixed length control field | 00863nam a22002297a 4500 |
| 001 - CONTROL NUMBER | |
| control field | 6576 |
| 003 - CONTROL NUMBER IDENTIFIER | |
| control field | FISKH |
| 005 - DATE AND TIME OF LATEST TRANSACTION | |
| control field | 20250512153606.0 |
| 008 - FIXED-LENGTH DATA ELEMENTS--GENERAL INFORMATION | |
| fixed length control field | 250512b cb ||||| |||| 00| 0 eng d |
| 020 ## - INTERNATIONAL STANDARD BOOK NUMBER | |
| International Standard Book Number | 9780199118748 |
| 040 ## - CATALOGING SOURCE | |
| Original cataloging agency | FISKH |
| Language of cataloging | eng |
| Transcribing agency | FISKH |
| Modifying agency | FISKH |
| 082 ## - DEWEY DECIMAL CLASSIFICATION NUMBER | |
| Classification number | 423 |
| 100 ## - MAIN ENTRY--PERSONAL NAME | |
| Personal name | Oxford |
| 245 ## - TITLE STATEMENT | |
| Title | Oxford popular school dictionary / |
| Statement of responsibility, etc. | By Oxford |
| 250 ## - EDITION STATEMENT | |
| Edition statement | First published 2008 |
| 260 ## - PUBLICATION, DISTRIBUTION, ETC. | |
| Place of publication, distribution, etc. | Oxford : |
| Name of publisher, distributor, etc. | Oxford University Press , |
| Date of publication, distribution, etc. | 2008. |
| 300 ## - PHYSICAL DESCRIPTION | |
| Extent | 474 pages : |
| Other physical details | illustrations ; |
| Dimensions | 20 cm. |
| 520 ## - SUMMARY, ETC. | |
| Summary, etc. | The Popular School dictionary has over 40, 000 words and phrases, with simple meanings and example phrases show how words are used. It includes words from the curriculum, international vocabulary and new words from ICT. It is ideal for quick word look-up at home. |
| 650 ## - SUBJECT ADDED ENTRY--TOPICAL TERM | |
| Topical term or geographic name entry element | Oxford |
| Form subdivision | Dictionary |
| 942 ## - ADDED ENTRY ELEMENTS (KOHA) | |
| Source of classification or shelving scheme | Dewey Decimal Classification |
| Koha item type | Books |
| Suppress in OPAC | No |
| Withdrawn status | Lost status | Source of classification or shelving scheme | Damaged status | Not for loan | Collection | Home library | Current library | Shelving location | Date acquired | Total Checkouts | Full call number | Barcode | Date last seen | Date last checked out | Copy number | Price effective from | Koha item type |
|---|---|---|---|---|---|---|---|---|---|---|---|---|---|---|---|---|---|
| Dewey Decimal Classification | Reference | Footprints International School Library Network Toul Kork Campus | Footprints International School Library Network Toul Kork Campus | Librarian's Shelf TK | 07/01/2025 | 1 | OXF 423 | 2025-1718 | 10/28/2025 | 10/13/2025 | 7 | 07/01/2025 | Books | ||||
| Dewey Decimal Classification | Reference | Footprints International School Library Network Toul Tom Poung Campus | Footprints International School Library Network Toul Tom Poung Campus | TTP Secondary Non-Fiction Bookshelves | 05/12/2025 | 2 | OXF 423 | 2025-1261 | 01/12/2026 | 01/06/2026 | 1 | 05/12/2025 | Books | ||||
| Dewey Decimal Classification | Reference | Footprints International School Library Network Toul Tom Poung Campus | Footprints International School Library Network Toul Tom Poung Campus | TTP Secondary Non-Fiction Bookshelves | 05/12/2025 | OXF 423 | 2025-1262 | 05/12/2025 | 2 | 05/12/2025 | Books | ||||||
| Dewey Decimal Classification | Reference | Footprints International School Library Network Toul Tom Poung Campus | Footprints International School Library Network Toul Tom Poung Campus | TTP Secondary Non-Fiction Bookshelves | 05/12/2025 | OXF 423 | 2025-1263 | 05/12/2025 | 3 | 05/12/2025 | Books | ||||||
| Dewey Decimal Classification | Reference | Footprints International School Library Network Toul Tom Poung Campus | Footprints International School Library Network Toul Tom Poung Campus | TTP Secondary Non-Fiction Bookshelves | 05/12/2025 | OXF 423 | 2025-1264 | 05/12/2025 | 4 | 05/12/2025 | Books | ||||||
| Dewey Decimal Classification | Reference | Footprints International School Library Network Toul Tom Poung Campus | Footprints International School Library Network Toul Tom Poung Campus | TTP Secondary Non-Fiction Bookshelves | 05/12/2025 | OXF 423 | 2025-1265 | 05/12/2025 | 5 | 05/12/2025 | Books | ||||||
| Dewey Decimal Classification | Reference | Footprints International School Library Network Toul Tom Poung Campus | Footprints International School Library Network Toul Tom Poung Campus | TTP Secondary Non-Fiction Bookshelves | 05/12/2025 | OXF 423 | 2025-1266 | 05/12/2025 | 6 | 05/12/2025 | Books |
